000 00798nac a22002291u 4500
010 _a 00062471
020 _a0072314885 (alk. paper)
022 _a0071180648
082 0 0 _a330
_bS1938
090 _c4056
_d4056
100 _aSamuelson, Paul Anthon
245 1 0 _aEconomics /
_cPaul A. Samuelson, William D. Nordhaus.
250 _a17th ed.
_bInternational ed.
260 _aBoston, Mass. :
_bMcGraw-Hill,c2001.
_cc2001.
300 _axxiv, 792 p. :
_bill. (some col.) ;
_c26 cm.
500 _aInternational Edition.
504 _aIncludes bibliographical references and index.
650 0 _aEconomics.
700 1 _aNordhaus, William D.
942 _cBB
_k330S1938
999 _c4056
_d4056